Sports Quiz

Random Sports or NHL Quiz

Top 50 NHL Scorers Not in the Hall of Fame Quiz Stats

 Plays Quiz Updated Apr 8, 2019

Score 0/51 Timer 10:00
5 Plays Today
Points Player % Correct
1,921Jaromir Jagr
89.9%
1,211Alex Ovechkin
64.9%
1,478Joe Thornton
64.4%
1,216Sidney Crosby
63.8%
1,300Jarome Iginla
63.6%
1,002Evgeni Malkin
61.6%
1,157Daniel Alfredsson
51.4%
1,166Patrick Marleau
50.2%
949Vincent Lecavalier
48.5%
1,216Jeremy Roenick
47.8%
1,070Henrik Sedin
46%
1,041Daniel Sedin
45.9%
1,065Keith Tkachuk
41.5%
938Patrick Kane
40.4%
1,032Alexander Mogilny
40%
974Eric Staal
38.9%
1,327Pierre Turgeon
38.7%
1,134Marian Hossa
37.2%
1,088Theoren Fleury
37.2%
1,184Rod Brind'Amour
36.3%
1,025Patrick Elias
36%
918Pavel Datsyuk
35.4%
1,036Bobby Smith
35%
915Jason Spezza
34%
892Peter Bondra
33.8%
1,029Alex Kovalev
33.6%
Points Player % Correct
972Shane Doan
33.1%
932Brad Richards
32.1%
960Henrik Zetterberg
32%
1,033Doug Weight
31.3%
1,205Vincent Damphousse
29.6%
1,209Bernie Nicholls
28.9%
900Tony Amonte
28%
910Gary Roberts
27.8%
923Ryan Getzlaf
27.7%
1,064Ray Whitney
26.3%
1,012Steve Larmer
26.3%
1,063Pat Verbeek
26.2%
1,022Brian Bellows
24.9%
1,069Dave Taylor
24.2%
938Jason Arnott
22.1%
1,020Dale Hunter
21.9%
952Rick Tocchet
21.4%
959Kirk Muller
21.2%
1,004Brian Propp
21.1%
888Anze Kopitar
20.5%
933Steve Thomas
19.8%
923Neal Broten
19%
988Rick Middleton
18.7%
898Ray Ferraro
14.5%
888Butch Goring
13.1%

You're not logged in!

Compare scores with friends on all Sporcle quizzes.
OR
Log In

Show Comments

Extras

Top Quizzes Today


Score Distribution

Your Account Isn't Verified!

In order to create a playlist on Sporcle, you need to verify the email address you used during registration. Go to your Sporcle Settings to finish the process.

Report this User

Report this user for behavior that violates our Community Guidelines.

Details: